[Event "Challenge"]
[Site "http://www.queenalice.com/game.php?id=1081443"]
[Date "2012.7.10"]
[Round "-"]
[White "Scaracioli"]
[Black "wvulcanis"]
[Result "1-0"]
[WhiteElo "1670"]
[BlackElo "1632"]

1. e4 c5 2. c3 Nc6 3. d4 cxd4 4. cxd4 d6 5. Bb5 Nf6 6. d5 Qa5+ 7. Nc3 Nxe4 8.
Qd3 Nxc3 9. bxc3 Bd7 10. dxc6 bxc6 11. Bc4 Bf5 12. Qf3 e6 13. Bd2 Rb8 14. Ne2
Rb2 15. Qe3 d5 16. Bd3 Bxd3 17. Qxd3 Rxa2 18. Rxa2 Qxa2 19. O-O Be7 20. Rd1 O-O
21. Nc1 Qa4 22. Re1 Bd6 23. g3 c5 24. Be3 c4 25. Qb1 Rb8 26. Qa2 Qd7 27. Qxa7
Qxa7 28. Bxa7 e5 29. Bxb8 1-0

[Event "Challenge"]
[Site "http://www.queenalice.com/game.php?id=1081965"]
[Date "2012.7.12"]
[Round "-"]
[White "wvulcanis"]
[Black "denaultj"]
[Result "0-1"]
[WhiteElo "1622"]
[BlackElo "1752"]

1. d4 d5 2. Nf3 e6 3. e3 Nf6 4. Bb5+ c6 5. Ba4 b5 6. Bb3 a5 7. c3 b4 8. O-O Ba6
9. Re1 Ne4 10. Bc2 Bb5 11. Ne5 Qf6 12. f3 Ng5 13. h4 Nxf3+ 14. Nxf3 h6 15. Bd3
Bd6 16. Bxb5 cxb5 17. Rf1 Qg6 18. Nbd2 Nc6 19. Qe1 O-O 20. Nh2 Qd3 21. e4 bxc3
22. bxc3 Qxc3 23. Rb1 Nxd4 24. Bb2 Qc5 25. Kh1 a4 26. Ndf3 Nxf3 27. Rxf3 dxe4
28. Qxe4 Ra5 29. Rc1 Qb6 30. Rc6 Qb8 31. Qd4 e5 32. Qxd6 Qxd6 33. Rxd6 f6 34.
Nf1 b4 35. Rg3 Rc8 36. Rd7 g5 37. hxg5 hxg5 38. Rh3 a3 39. Bxa3 Rxa3 40. Rxa3
bxa3 41. Ra7 Rc1 42. Kg1 Rc3 43. Nd2 Rc2 44. Ne4 Kf8 45. Rxa3 Kf7 46. Ra6 f5 47.
Nxg5+ Kg7 48. Nf3 e4 49. Nd4 Rc1+ 50. Kf2 Rc8 51. Nxf5+ Kh8 52. a4 Rf8 53. Ra5
Kh7 54. Ke3 Kg6 55. Kxe4 Kg5 56. Ne3+ Kh4 57. g4 Kg3 58. Nf5+ Kxg4 59. Ne3+ Kg3
60. Re5 Rf4+ 61. Kd3 Rxa4 0-1

[Event "Challenge"]
[Site "http://www.queenalice.com/game.php?id=1083889"]
[Date "2012.7.18"]
[Round "-"]
[White "wvulcanis"]
[Black "charles31"]
[Result "0-1"]
[WhiteElo "1618"]
[BlackElo "1763"]

1. b3 e5 2. c4 Nc6 3. e4 a6 4. Bb2 Bc5 5. Nf3 Qf6 6. d3 d6 7. g3 Bg4 8. Bg2 Nd4
9. Nbd2 Nxf3+ 10. Bxf3 Bh3 11. a4 Bb4 12. Ke2 Bc5 13. Ba3 Bg2 14. Bxg2 Qxf2# 0-1

[Event "Standart Challenge"]
[Site "http://www.queenalice.com/game.php?id=1090443"]
[Date "2012.8.5"]
[Round "-"]
[White "wvulcanis"]
[Black "phlopter"]
[Result "1-0"]
[WhiteElo "1608"]
[BlackElo "1546"]

1. d4 a5 2. e4 d5 3. e5 e6 4. Nf3 h6 5. Be2 b6 6. O-O f6 7. exf6 Nxf6 8. Ne5 Bd6
9. Bh5+ Nxh5 10. Qxh5+ g6 11. Qxg6+ Ke7 12. Qf7# 1-0

[Event "Challenge"]
[Site "http://www.queenalice.com/game.php?id=1093111"]
[Date "2012.8.14"]
[Round "-"]
[White "wvulcanis"]
[Black "phlopter"]
[Result "1-0"]
[WhiteElo "1599"]
[BlackElo "1532"]

1. d4 a5 2. e4 h5 3. e5 d5 4. Nf3 Bg4 5. Nc3 Bxf3 6. Qxf3 e6 7. Bd3 Qh4 8. g3
Qxd4 9. Bf4 Bb4 10. O-O-O Bxc3 11. Bb5+ c6 12. Rxd4 Bxd4 13. Be2 Na6 14. Bxa6
Rxa6 15. c3 Bc5 16. a4 b5 17. axb5 cxb5 18. Be3 Bxe3+ 19. Qxe3 Nh6 20. Qc5 Ra8
21. Qxb5+ Ke7 22. Qb7+ Kd8 23. Qxa8+ Kc7 24. Qxh8 f6 25. Qxg7+ Kb6 26. Qxh6 fxe5
27. Qxe6+ Kc5 28. Rd1 Kb5 29. Rxd5+ Ka4 30. Qc6+ Kb3 31. Rxa5 e4 32. Qa4# 1-0

[Event "Challenge"]
[Site "http://www.queenalice.com/game.php?id=1094922"]
[Date "2012.8.20"]
[Round "-"]
[White "wvulcanis"]
[Black "denaultj"]
[Result "0-1"]
[WhiteElo "1611"]
[BlackElo "1708"]

1. d4 d5 2. Nf3 Nf6 3. g3 h6 4. Bg2 c5 5. O-O c4 6. b3 b5 7. Nc3 a6 8. Bb2 Bb7
9. Ne5 Nbd7 10. f4 e6 11. bxc4 bxc4 12. h3 Nxe5 13. dxe5 Qb6+ 14. Kh2 Qxb2 15.
Na4 Qb5 16. c3 Bc6 0-1

[Event "Challenge"]
[Site "http://www.queenalice.com/game.php?id=1106824"]
[Date "2012.9.27"]
[Round "-"]
[White "pablonet"]
[Black "wvulcanis"]
[Result "0-1"]
[WhiteElo "1677"]
[BlackElo "1612"]

1. e4 e5 2. Nf3 d6 3. Bc4 Nf6 4. d4 Nxe4 5. dxe5 Be7 6. exd6 Qxd6 7. Qxd6 Nxd6
8. Nbd2 O-O 9. O-O Nxc4 10. Nxc4 b5 11. Ne3 Bb7 12. Ne5 f6 13. Nd3 Nc6 14. Nd5
Bd6 15. Bf4 Rac8 16. Bxd6 cxd6 17. N3b4 Rf7 18. Rad1 Nxb4 19. Nxb4 a5 20. Nd5
Rxc2 21. Rfe1 Bxd5 22. Rxd5 Rxb2 23. Rxd6 Rxa2 24. Ra6 b4 0-1

[Event "Challenge Total"]
[Site "http://www.queenalice.com/game.php?id=1106897"]
[Date "2012.9.27"]
[Round "-"]
[White "phlopter"]
[Black "wvulcanis"]
[Result "0-1"]
[WhiteElo "1519"]
[BlackElo "1622"]

1. a4 e5 2. e4 Nf6 3. d3 a5 4. f3 Nc6 5. Nh3 d5 6. Nc3 Bb4 7. Bd2 d4 8. Nb5 O-O
9. c3 dxc3 10. bxc3 Be7 11. Qe2 Bxh3 12. gxh3 Na7 13. Qg2 Nxb5 14. axb5 Nh5 15.
Be2 Bh4+ 16. Kd1 Nf4 17. Bxf4 exf4 18. Kd2 Qd7 19. Rhg1 g6 20. c4 Bf6 21. Ra2 c5
22. Qf2 Bd4 23. Rxg6+ fxg6 24. Qf1 Bf6 25. Bd1 b6 26. Kc1 Qd4 27. Rg2 Qc3+ 28.
Rc2 Qa1+ 29. Kd2 a4 30. Qe1 a3 31. Rc1 Qd4 32. Bb3 Qb2+ 33. Bc2 a2 34. Ra1 Qxa1
0-1

[Event "Challenge"]
[Site "http://www.queenalice.com/game.php?id=1109200"]
[Date "2012.10.3"]
[Round "-"]
[White "johndavidtelker"]
[Black "wvulcanis"]
[Result "1-0"]
[WhiteElo "1774"]
[BlackElo "1621"]

1. e4 e5 2. Nf3 d6 3. Bc4 Nf6 4. d3 c5 5. O-O Nc6 6. c3 Be7 7. Be3 Ng4 8. a3
Nxe3 9. fxe3 g5 10. Ne1 a6 11. d4 h5 12. Bxf7+ Kd7 13. d5 Na7 14. Bxh5 Kc7 15.
Bf3 Qg8 16. Bg4 Bxg4 17. Qxg4 Rh4 18. Qe2 g4 19. g3 Rh3 20. Rf2 Bh4 21. Rg2 Be7
22. b4 Rf8 23. Rf2 Nb5 24. c4 Na7 25. Ng2 Qh7 26. Nf4 exf4 27. exf4 Bf6 28. e5
dxe5 29. fxe5 Bg7 30. Rxf8 Bxf8 31. d6+ Kb8 32. Nd2 Nc6 33. Nf1 Nd4 34. Qxg4 Nc6
35. Re1 Rh6 36. bxc5 Rg6 37. Qd1 Qf7 38. Qd5 Qe8 39. e6 Ne7 40. dxe7 Bxe7 41.
Qd7 Bxc5+ 42. Kg2 Qxd7 43. exd7 Kc7 44. Rd1 Rd6 45. Rxd6 Bxd6 46. d8=Q+ Kxd8 47.
a4 a5 48. Ne3 Ke7 49. g4 Kf6 50. h3 Kg5 51. Nf5 Bf8 52. Kf3 b6 53. h4+ Kf6 54.
Ke4 Ke6 55. h5 1-0

[Event "Challenge"]
[Site "http://www.queenalice.com/game.php?id=1118345"]
[Date "2012.11.2"]
[Round "-"]
[White "wvulcanis"]
[Black "denaultj"]
[Result "0-1"]
[WhiteElo "1634"]
[BlackElo "1707"]

1. d4 d5 2. Nf3 Nf6 3. c4 dxc4 4. Nc3 Bf5 5. e3 c5 6. Bxc4 e6 7. O-O a6 8. dxc5
Nc6 9. a3 Bxc5 10. b4 Bd6 11. Bb2 h6 12. Re1 O-O 13. Nh4 Bg4 14. f3 Bh5 15. g4
Nxg4 16. Ne4 Qxh4 17. Re2 Nxh2 18. Qxd6 Nxf3+ 19. Kf1 Qxe4 0-1

[Event "Challenge"]
[Site "http://www.queenalice.com/game.php?id=1151579"]
[Date "2013.2.13"]
[Round "-"]
[White "wvulcanis"]
[Black "denaultj"]
[Result "0-1"]
[WhiteElo "1611"]
[BlackElo "1796"]

1. d4 Nf6 2. d5 c5 3. c4 e5 4. dxe6 fxe6 5. Nc3 a6 6. e4 Nc6 7. Nf3 h6 8. Be2
Be7 9. O-O O-O 10. Be3 Qc7 11. h3 Ne5 12. Qc2 d6 13. Rad1 b6 14. Nxe5 dxe5 15.
Qc1 Bb7 16. Bxh6 gxh6 17. Qxh6 Bd8 18. Qg5+ Qg7 19. Qxg7+ Kxg7 20. Rd2 Nxe4 21.
Rd7+ Rf7 22. Rxf7+ Kxf7 23. Nxe4 Bxe4 24. f4 Kf6 25. g3 Ra7 26. g4 Rd7 27. g5+
Kg6 28. h4 Rd2 29. h5+ Kf5 30. g6 Rxe2 31. g7 Rg2+ 0-1

[Event "Challenge"]
[Site "http://www.queenalice.com/game.php?id=1156573"]
[Date "2013.3.1"]
[Round "-"]
[White "denaultj"]
[Black "wvulcanis"]
[Result "1/2-1/2"]
[WhiteElo "1821"]
[BlackElo "1602"]

1. e4 c5 2. Bc4 e6 3. e5 Nc6 4. Nf3 g6 5. c3 Bg7 6. d4 cxd4 7. cxd4 Nce7 8. Ng5
Nh6 9. Qf3 Nef5 10. Qf4 O-O 11. a4 f6 12. Ne4 g5 13. Qd2 fxe5 14. d5 exd5 15.
Qxd5+ Nf7 16. Bxg5 Qb6 17. Ra3 Qxb2 18. O-O Qb6 19. Nbc3 Qc6 20. Nb5 Qxd5 21.
Bxd5 Kh8 22. Bf6 a6 23. Nc7 Ra7 24. a5 Bxf6 25. Nxf6 N5d6 26. g4 Nb5 27. Rh3 Ng5
28. Rh5 Rxf6 29. Nxb5 axb5 30. Rxg5 Rg6 31. Rxe5 Rxg4+ 32. Kh1 Kg7 33. Re8 Rd4
34. Bg2 Rc4 35. Bd5 Rc5 36. Rg8+ Kf6 37. Be4 Rxa5 38. Bxh7 d6 39. Rg6+ Ke7 40.
Re1+ Kd7 41. Rg7+ Kc6 42. Re8 Kb6 43. h4 Ka6 44. Rd8 d5 45. Rg5 b4 46. Rg3 Ra3
47. Rgg8 Rh3+ 48. Kg2 Rxh4 49. Bd3+ Kb6 50. Rxc8 Rc3 51. Rxc3 bxc3 52. Kf3 d4
53. Rc8 Ka5 54. Ke2 Kb4 55. Bc2 Ka3 56. Kd3 Kb2 57. Bd1 Kc1 58. Ba4 b5 59. Bb3
b4 60. f3 Rh3 61. Kxd4 Rxf3 62. Rc4 Rf4+ 63. Kc5 Rxc4+ 64. Kxc4 Kb2 65. Kxb4 c2
66. Bxc2 Kxc2 67. Kc4 1/2-1/2

[Event "Challenge"]
[Site "http://www.queenalice.com/game.php?id=1163368"]
[Date "2013.3.21"]
[Round "-"]
[White "wvulcanis"]
[Black "denaultj"]
[Result "1-0"]
[WhiteElo "1618"]
[BlackElo "1797"]

1. d4 d5 2. Nf3 b5 3. e3 Nf6 4. Bxb5+ c6 5. Ba4 Ne4 6. O-O Nd7 7. Bxc6 Rb8 8.
Bxd5 Nef6 9. e4 Nxd5 10. exd5 Nf6 11. c4 e6 12. dxe6 Bxe6 13. Ng5 Bxc4 14. Qa4+
Bb5 15. Qxa7 Nd7 16. Re1+ Be7 17. Rxe7+ Kxe7 18. Qa3+ Ke8 19. Nc3 Nf6 20. Be3
Qe7 21. Qb3 h6 22. Re1 hxg5 23. Bd2 Ne4 24. Rxe4 Qxe4 25. Nxe4 Ke7 26. Bxg5+ f6
27. Bf4 Rhc8 28. Qb4+ Kd8 29. h3 Rb6 30. Qf8+ Be8 31. Nd6 Rxd6 32. Bxd6 Rc1+ 33.
Kh2 1-0

[Event "Challenge"]
[Site "http://www.queenalice.com/game.php?id=1163513"]
[Date "2013.3.21"]
[Round "-"]
[White "wvulcanis"]
[Black "charles31"]
[Result "1-0"]
[WhiteElo "1611"]
[BlackElo "1728"]

1. d4 d5 2. Nf3 Nc6 3. e3 a6 4. a3 Nf6 5. Nc3 e6 6. Be2 h6 7. O-O g5 8. h3 Be7
9. Qd2 Ne4 10. Nxe4 dxe4 11. Nh2 f5 12. Bh5+ Kf8 13. c4 g4 14. hxg4 fxg4 15.
Nxg4 Bg5 16. f4 Bf6 17. Ne5 Nxe5 18. fxe5 Ke7 19. exf6+ Kf8 20. Qc2 Qd6 21. Qxe4
Qg3 22. Qf3 Qg5 23. e4 Bd7 24. Bxg5 hxg5 25. d5 exd5 26. exd5 g4 27. Bxg4 Bxg4
28. Qxg4 Rh7 29. Qg6 1-0

[Event "Challenge"]
[Site "http://www.queenalice.com/game.php?id=1165380"]
[Date "2013.3.27"]
[Round "-"]
[White "charles31"]
[Black "wvulcanis"]
[Result "1-0"]
[WhiteElo "1690"]
[BlackElo "1632"]

1. e4 g6 2. d4 Bg7 3. Nf3 d6 4. d5 Nf6 5. Nc3 O-O 6. h3 a6 7. Be2 b5 8. a3 Bb7
9. Bd3 Nbd7 10. g4 Ne5 11. Bg5 c5 12. Nxe5 dxe5 13. Qd2 c4 14. Be2 Qc7 15. f4
exf4 16. Bxf4 Qd8 17. g5 Ne8 18. h4 Nd6 19. O-O-O f6 20. gxf6 exf6 21. Bh6 f5
22. Bxg7 Kxg7 23. Rdg1 Nxe4 24. Nxe4 fxe4 25. h5 Rf6 26. hxg6 Rxg6 27. Qh6+ Kg8
28. Qxh7+ Kf8 29. Rxg6 1-0

[Event "Challenge"]
[Site "http://www.queenalice.com/game.php?id=1165387"]
[Date "2013.3.27"]
[Round "-"]
[White "wvulcanis"]
[Black "Knightgirl"]
[Result "1-0"]
[WhiteElo "1612"]
[BlackElo "1685"]

1. d4 d5 2. Nf3 Bf5 3. c4 dxc4 4. Nc3 Nc6 5. e4 Bg6 6. Bxc4 e6 7. O-O Bb4 8. d5
Bxc3 9. dxc6 bxc6 10. bxc3 Bxe4 11. Bf4 Qxd1 12. Rfxd1 Bxf3 13. gxf3 Nf6 14.
Bxc7 Ke7 15. Rd2 Rhc8 16. Be5 Rd8 17. Rb2 g6 18. Rb7+ Rd7 19. Bxf6+ Kxf6 20.
Rxd7 a5 21. Rc7 Re8 22. Rxc6 h5 23. Rd1 Re7 24. Ra6 Rc7 25. Be2 Rxc3 26. Rxa5
Rc2 27. Bf1 e5 28. a4 Rc3 29. Ra6+ Kg5 30. Bg2 f6 31. a5 Ra3 32. Ra8 f5 33. a6
Ra4 34. a7 e4 35. Rd7 exf3 36. Bxf3 Ra3 37. Kg2 h4 38. Rh8 Ra4 39. a8=Q Rxa8 40.
Bxa8 Kg4 41. h3+ 1-0

[Event "Challenge"]
[Site "http://www.queenalice.com/game.php?id=1165388"]
[Date "2013.3.27"]
[Round "-"]
[White "pepe72"]
[Black "wvulcanis"]
[Result "0-1"]
[WhiteElo "1615"]
[BlackElo "1631"]

1. d4 Nf6 2. Nc3 g6 3. e4 d6 4. Nf3 Bg4 5. h3 Bxf3 6. gxf3 c5 7. d5 a6 8. b3 b5
9. Bb2 Nbd7 10. Qd2 Bg7 11. O-O-O Ng8 12. f4 e5 13. Ne2 Ngf6 14. Rg1 Nxe4 15.
Qe3 Nef6 16. fxe5 dxe5 17. Bxe5 Nxe5 18. Qxe5+ Qe7 19. Qxe7+ Kxe7 20. Nf4 Rhd8
21. Bg2 Ra7 22. Rge1+ Kf8 23. d6 Rad7 24. Ne6+ fxe6 25. Rxe6 Nh5 26. Bc6 Rf7 27.
Rde1 Nf6 28. f4 Bh6 29. Kb1 Bxf4 30. Rf1 Rxd6 31. Rxd6 Bxd6 32. h4 h5 33. Rd1
Be7 34. Rd7 g5 35. hxg5 Ng4 36. g6 Rg7 37. Rd5 h4 38. Rf5+ Nf6 39. Bb7 a5 40.
Bc6 b4 41. Kb2 Rxg6 42. Be4 Rh6 43. Re5 h3 44. Bf3 h2 45. Re1 Rh3 46. Bg2 Rh4
47. c3 Nh5 48. Rf1+ Ke8 49. Bc6+ Kd8 50. Rd1+ Kc7 51. Rd7+ Kxc6 52. Rxe7 h1=Q
0-1

[Event "Challenge"]
[Site "http://www.queenalice.com/game.php?id=1167521"]
[Date "2013.4.2"]
[Round "-"]
[White "wvulcanis"]
[Black "charles31"]
[Result "0-1"]
[WhiteElo "1641"]
[BlackElo "1703"]

1. d4 d5 2. Nf3 Nc6 3. e3 Bg4 4. c4 dxc4 5. Bxc4 h6 6. h3 Bf5 7. Nc3 e6 8. e4
Bh7 9. O-O Bb4 10. a3 Ba5 11. b4 Bb6 12. Be3 Nf6 13. e5 Nd7 14. Re1 a6 15. d5
Ncxe5 16. Nxe5 Nxe5 17. Ba2 Bxe3 18. Rxe3 Qd6 19. Ne4 Bxe4 20. Rxe4 O-O-O 21. f4
Ng6 22. a4 Qb6+ 23. Qd4 exd5 24. Qxb6 cxb6 25. Rd4 Ne7 26. Rad1 Kc7 27. Bxd5
Nxd5 28. Rxd5 Rxd5 29. Rxd5 Rd8 30. Re5 Kd6 31. Re1 Rc8 32. Rd1+ Ke6 33. g4 f5
34. Re1+ Kf6 35. Kf2 fxg4 36. hxg4 g6 37. Kf3 a5 38. b5 Rc3+ 39. Re3 Rc4 40. Ra3
h5 41. gxh5 gxh5 42. Kg3 Kf5 43. Re3 Rxf4 44. Re7 Rxa4 45. Rf7+ Ke5 46. Rxb7 Rb4
47. Rxb6 a4 48. Rh6 Rb3+ 49. Kh4 Rb1 50. Rxh5+ Kf4 0-1

[Event "Challenge"]
[Site "http://www.queenalice.com/game.php?id=1167651"]
[Date "2013.4.2"]
[Round "-"]
[White "denaultj"]
[Black "wvulcanis"]
[Result "1-0"]
[WhiteElo "1774"]
[BlackElo "1622"]

1. e4 c5 2. Bc4 e5 3. Nf3 Nc6 4. c3 Nf6 5. d3 a6 6. a4 Na5 7. Nxe5 Nxc4 8. Nxc4
d6 9. a5 Be7 10. Nb6 Rb8 11. Bf4 O-O 12. c4 Bg4 13. f3 Bh5 14. O-O Nd7 15. Nd5
f6 16. Nxe7+ Qxe7 17. Nc3 Ne5 18. Nd5 Qd8 19. Nb6 f5 20. Ra2 fxe4 21. dxe4 Qf6
22. Bxe5 dxe5 23. Nd7 1-0

[Event "Let's Play Chess!"]
[Site "http://www.queenalice.com/game.php?id=1168586"]
[Date "2013.4.6"]
[Round "-"]
[White "GiulioTorino"]
[Black "wvulcanis"]
[Result "1-0"]
[WhiteElo "1718"]
[BlackElo "1627"]

1. e4 c5 2. d4 cxd4 3. Nf3 Nc6 4. c3 e5 5. cxd4 Nf6 6. Bg5 Be7 7. d5 Nd4 8. Nxd4
exd4 9. Qxd4 O-O 10. Bc4 Bb4+ 11. Nc3 h6 12. Bh4 Bxc3+ 13. bxc3 d6 14. f4 Re8
15. e5 Qa5 16. Bxf6 gxf6 17. O-O fxe5 18. fxe5 dxe5 19. Qe3 b5 20. Bb3 Bb7 21.
d6 Qd8 22. Bxf7+ Kf8 23. Qxh6# 1-0

[Event "Let's Play Chess!"]
[Site "http://www.queenalice.com/game.php?id=1168591"]
[Date "2013.4.6"]
[Round "-"]
[White "wvulcanis"]
[Black "GiulioTorino"]
[Result "1-0"]
[WhiteElo "1615"]
[BlackElo "1738"]

1. d4 d5 2. Nf3 f6 3. c4 e5 4. dxe5 Nc6 5. cxd5 Nxe5 6. e4 Bd6 7. Be2 Nh6 8.
Qa4+ Bd7 9. Bb5 c6 10. dxc6 bxc6 11. Be2 Nhf7 12. O-O O-O 13. Nc3 a5 14. Rd1 Bb4
15. Bf4 c5 16. Qc2 a4 17. Bb5 Ra7 18. Nxa4 Qe7 19. Bxd7 Nxd7 20. a3 Ba5 21. Nh4
f5 22. Nxf5 Nf6 23. Nxe7+ Rxe7 24. Nxc5 Rfe8 25. f3 Nh5 26. Bd2 Bb6 27. b4 Nd6
28. g4 Nf6 29. Kg2 Rc7 30. Bf4 1-0

[Event "Challenge"]
[Site "http://www.queenalice.com/game.php?id=1169748"]
[Date "2013.4.9"]
[Round "-"]
[White "wvulcanis"]
[Black "GiulioTorino"]
[Result "0-1"]
[WhiteElo "1636"]
[BlackElo "1698"]

1. e4 e5 2. Nf3 Nc6 3. d4 exd4 4. Nxd4 Bc5 5. c3 Nf6 6. Bg5 h6 7. Bxf6 Qxf6 8.
Nd2 Nxd4 9. cxd4 Bxd4 10. Rb1 Qxf2# 0-1